Detalles MARC
| 000 -CABECERA |
| Longitud fija campo de control |
02234nam a2200385 c 4500 |
| 003 - • IDENTIFICADOR DELl NÚMERO DE CONTROL |
| Identificador del número de control |
CO-BoRNBP |
| 005 - • FECHA Y HORA DE LA ÚLTIMA TRANSACCIÓN |
| Fecha y hora de la última transacción |
20250826194902.0 |
| 007 - • CAMPO FIJO DE DESCRIPCIÓN FÍSICA |
| Campo fijo de descripción física |
ta |
| 008 - • CÓDIGOS DE INFORMACIÓN DE LONGITUD FIJA |
| Códigos de información de longitud fija |
210825s2017 ck er 000 0dspa d |
| 020 ## - • NÚMERO INTERNACIONAL NORMALIZADO PARA LIBROS |
| Número Internacional Normalizado para Libros (ISBN) |
9584263498 |
| 020 ## - • NÚMERO INTERNACIONAL NORMALIZADO PARA LIBROS |
| Número Internacional Normalizado para Libros (ISBN) |
9789584263490 |
| 040 ## - FUENTE DE LA CATALOGACIÓN |
| Centro catalogador de origen |
CO-BoRNBP |
| Lengua de catalogación |
spa |
| Normas de descripción |
rda |
| Centro transcriptor |
CO-BoRNBP |
| 041 1# - • CÓDIGO DE LENGUA |
| Código de lengua del texto/banda sonora o título independiente |
spa |
| Código de lengua original |
eng |
| 082 04 - • NÚMERO DE LA CLASIFICACIÓN DECIMAL DEWEY |
| Número de clasificación (R) |
303.483 |
| Número del ítem |
F62m |
| Número de edición |
22 |
| 100 ## - • PUNTO DE ACCESO PRINCIPAL-NOMBRE DE PERSONA |
| Nombre de persona |
Foer, Franklin, |
| Fechas asociadas al nombre |
1974- |
| Término indicativo de función |
aut |
| 245 13 - • TITULO PROPIAMENTE DICHO |
| Título |
Un mundo sin ideas : |
| Resto del título |
la amenaza de las grandes empresas tecnológicas a nuestra identidad / |
| Mención de responsabilidad, etc. |
por Franklin Foer ; traducción de Pablo Hermida Lazcano. |
| 250 ## - • MENCIÓN DE EDICIÓN |
| Mención de edición |
Primera edición |
| 264 #1 - PRODUCCIÓN, PUBLICACIÓN , DISTRIBUCIÓN, FABRICACIÓN Y COPYRIGHT |
| Lugar de producción, publicación, distribución, fabricación |
Bogotá, Colombia : |
| Nombre del productor, editor, distribuidor, fabricante |
Paidós, |
| Fecha de de producción, publicación, distribución, fabricación o copyright |
2017 |
| 300 ## - • DESCRIPCIÓN FÍSICA |
| Extensión |
254 páginas |
| 336 ## - TIPO DE CONTENIDO |
| Término de tipo de contenido |
texto |
| Código de tipo de contenido |
txt |
| Fuente |
rdacontent |
| 337 ## - TIPO DE MEDIO |
| Nombre del tipo de medio |
sin mediación |
| Código del tipo de medio |
n |
| Fuente |
rdamedia |
| 338 ## - TIPO DE SOPORTE |
| Nombre del tipo de soporte |
volumen |
| Código del tipo de soporte |
nc |
| Fuente |
rdacarrier |
| 490 0# - • MENCIÓN DE SERIE |
| Mención de serie |
Paidós contextos |
| 500 ## - • NOTA GENERAL |
| Nota general |
El material correspondiente a la dotación PNLB 2022, la fecha de edición es 2017 |
| 504 ## - • NOTA DE BIBLIOGRAFÍA, ETC |
| Nota de bibliografía, etc. |
Incluye referencias bibliográficas |
| 520 ## - • NOTA DE RESUMEN |
| Resumen, etc, |
Un mundo sin ideas Por Franklin Foer ,En las últimas décadas se ha producido una revolución en el control del conocimiento y la información. Sin haber reparado siquiera en las consecuencias, hemos acogido sin dudarlo los productos y servicios de cuatro corporaciones gigantescas: compramos en Amazon, nos relacionamos en facebook, buscamos diversión en Apple e información en Geoogle. Estas empresas nos venden su eficiencia y su intención de hacer del mundo un lugar mejor, pero lo que han logrado en cambio es propiciar los efectos narcóticos de una confortable existencia cotidiana. A medida que esta compañías se han ido expandiendo, proclamándose defensoras de la individualidad y el pluralismo, sus algoritmos nos han ido conduciendo a la conformidad y han causado estragos en la intimidad |
| 521 ## - • NOTA DE PÚBLICO DESTINATARIO |
| Nota público destinatario (R ) |
Recomendado para un público adulto |
| 534 ## - • Nota De Versión Original |
| Edition statement of original |
World without mind. The existential treat of big tech |
| 650 07 - • PUNTO DE ACCESO ADICIONAL DE MATERIA - TÉRMINO DE MATERIA |
| Término de materia o nombre geográfico como elemento inicial |
Conocimiento |
| Subdivisión de materia general |
Aspectos sociales |
| Fuente del encabezamiento o término |
lemb |
| 650 07 - • PUNTO DE ACCESO ADICIONAL DE MATERIA - TÉRMINO DE MATERIA |
| Término de materia o nombre geográfico como elemento inicial |
Documentación e información para el desarrollo |
| Fuente del encabezamiento o término |
lemb |
| 650 07 - • PUNTO DE ACCESO ADICIONAL DE MATERIA - TÉRMINO DE MATERIA |
| Término de materia o nombre geográfico como elemento inicial |
Tecnología de la información |
| Subdivisión de materia general |
Aspectos sociales |
| Fuente del encabezamiento o término |
LEMB |
| 700 ## - • PUNTO DE ACCESO ADICIONAL - NOMBRE DE PERSONA |
| Nombre de persona |
Hermida Lazcano, Pablo |
| Término indicativo de función |
trl |
| 942 ## - ENTRADA DE ELEMENTOS AGREGADOS (KOHA) |
| Fuente de clasificaión o esquema |
Dewey Decimal Classification |
| Koha [por defecto] tipo de item |
LIbro |